[Event "1st Gujarat GM Open 2018"]
[Site "Ahmedabad"]
[Date "2018.10.08"]
[Round "5"]
[White "Srija, Seshadri"]
[Black "Ashutosh, Kumar"]
[Result "1-0"]
[WhiteElo "2246"]
[BlackElo "2044"]
[Annotator "NA"]
[PlyCount "95"]
[EventDate "2018.10.05"]
[EventType "swiss"]
[EventCountry "IND"]
[SourceTitle "playchess.com"]
[Source "ChessBase"]
[SourceQuality "1"]
[TimeControl "5400+30"]

1. e4 {[%emt 0:00:00]} c5 {[%emt 0:00:00]} 2. Nf3 {[%emt 0:00:00]} d6 {[%emt 0:00:02]} 3. d4 {[%emt 0:00:00]} cxd4 {[%emt 0:00:04]} 4. Nxd4 {[%emt 0:00:09]} Nf6 {[%emt 0:00:09]} 5. Nc3 {[%emt 0:00:07]} g6 {[%emt 0:00:06]} 6. Be3 {[%emt 0:00:11]} Bg7 {[%emt 0:00:12]} 7. f3 {[%emt 0:00:12]} O-O {[%emt 0:00:04]} 8. Qd2 {[%emt 0:00:04]} Nc6 {[%emt 0:00:12]} 9. g4 {[%emt 0:00:19]} Be6 {[%emt 0:00:16]} 10. Nxe6 {[%emt 0:00:20]} fxe6 {[%emt 0:00:05]} 11. O-O-O {[%emt 0:00:11]} Ne5 {[%emt 0:07:40]} 12. Be2 {[%emt 0:00:28]} Qa5 {[%emt 0:03:23]} 13. Kb1 {[%emt 0:01:09]} Rac8 {[%emt 0:01:39]} 14. Nb5 {[%emt 0:13:45]} Qxd2 {[%emt 0:04:36]} 15. Rxd2 {[%emt 0:00:08]} a6 {[%emt 0:02:53]} 16. Nd4 {[%emt 0:00:51]} Kf7 {[%emt 0:01:55]} 17. b3 {[%emt 0:12:43]} Nc6 {[%emt 0:04:58]} 18. h4 {[%emt 0:05:12]} Nxd4 {[%emt 0:06:09]} 19. Bxd4 {[%emt 0:00:46]} Nd7 {[%emt 0:03:04]} 20. Be3 {[%emt 0:03:12]} Rc3 {[%emt 0:05:52]} 21. Bf2 {[%emt 0:01:00]} Be5 {[%emt 0:02:24]} 22. Rf1 {[%emt 0:11:29]} Bf4 {[%emt 0:03:10]} 23. Rdd1 {[%emt 0:00:09]} Rc6 {[%emt 0:06:58]} 24. Bd4 {[%emt 0:01:16]} Rfc8 {[%emt 0:00:00]} 25. c4 {[%emt 0:00:30]} e5 {[%emt 0:00:00]} 26. Bb2 {[%emt 0:00:30]} Nc5 {[%emt 0:00:00]} 27. g5 {[%emt 0:00:30]} Ne6 {[%emt 0:00:00]} 28. Rh1 {[%emt 0:00:30]} Ng7 {[%emt 0:00:00]} 29. b4 {[%emt 0:00:30]} Ke8 {[%emt 0:00:00]} 30. Bd3 {[%emt 0:00:30]} Nh5 {[%emt 0:00:00]} 31. a3 {[%emt 0:00:30]} e6 {[%emt 0:00:00]} 32. a4 {[%emt 0:00:30]} Be3 {[%emt 0:00:00]} 33. Ba3 {[%emt 0:29:47]} R6c7 {[%emt 0:31:05]} 34. Rh2 {[%emt 0:01:31]} Nf4 {[%emt 0:01:33]} 35. Bf1 {[%emt 0:00:25]} Ke7 {[%emt 0:01:25]} 36. Bb2 {[%emt 0:03:32]} a5 {[%emt 0:03:29]} 37. c5 {[%emt 0:01:52]} Bd4 {[%emt 0:03:00]} 38. cxd6+ {[%emt 0:03:19]} Kxd6 {[%emt 0:00:07]} 39. b5 {[%emt 0:05:20]} Ke7 {[%emt 0:01:32]} 40. b6 {[%emt 0:00:16]} Rc6 {[%emt 0:02:06]} 41. Bb5 {[%emt 0:00:08]} Rxb6 {[%emt 0:02:02]} 42. Rhd2 {[%emt 0:00:10]} Rc7 {[%emt 0:06:31]} 43. Bxd4 {[%emt 0:01:15]} exd4 {[%emt 0:00:02]} 44. Rxd4 {[%emt 0:00:01]} Rxb5+ {[%emt 0:00:35]} 45. axb5 {[%emt 0:00:26]} Ne2 {[%emt 0:00:04]} 46. b6 {[%emt 0:00:24]} Rc8 {[%emt 0:00:34]} 47. Rd7+ {[%emt 0:00:06]} Ke8 {[%emt 0:00:02]} 48. Rc7 {[%emt 0:00:38]} 1-0

[Event "1st Gujarat GM Open 2018"]
[Site "Ahmedabad"]
[Date "2018.10.08"]
[Round "5"]
[White "Bhambure, Shantanu"]
[Black "Pranesh M"]
[Result "0-1"]
[WhiteElo "2243"]
[BlackElo "2028"]
[Annotator "NA"]
[PlyCount "40"]
[EventDate "2018.10.05"]
[EventType "swiss"]
[EventCountry "IND"]
[SourceTitle "playchess.com"]
[Source "ChessBase"]
[SourceQuality "1"]
[TimeControl "5400+30"]

1. d4 {[%emt 0:00:00]} Nf6 {[%emt 0:00:00]} 2. c4 {[%emt 0:00:00]} e6 {[%emt 0:00:00]} 3. Nf3 {[%emt 0:00:00]} d5 {[%emt 0:00:00]} 4. Nbd2 {[%emt 0:00:17]} c6 {[%emt 0:00:00]} 5. e3 {[%emt 0:00:12]} Nbd7 {[%emt 0:00:03]} 6. Bd3 {[%emt 0:00:33]} Be7 {[%emt 0:00:14]} 7. O-O {[%emt 0:00:54]} O-O {[%emt 0:00:30]} 8. e4 {[%emt 0:00:30]} dxe4 {[%emt 0:00:00]} 9. Nxe4 {[%emt 0:00:24]} b6 {[%emt 0:00:15]} 10. Qc2 {[%emt 0:06:35]} Bb7 {[%emt 0:01:31]} 11. Rd1 {[%emt 0:04:47]} Nxe4 {[%emt 0:01:19]} 12. Bxe4 {[%emt 0:00:10]} Nf6 {[%emt 0:00:11]} 13. Bd3 {[%emt 0:01:04]} Qc7 {[%emt 0:01:47]} 14. c5 {[%emt 0:02:10]} bxc5 {[%emt 0:02:18]} 15. dxc5 {[%emt 0:00:43]} h6 {[%emt 0:00:23]} 16. b3 {[%emt 0:05:25]} Rad8 {[%emt 0:04:15]} 17. Bb2 {[%emt 0:01:44]} Qf4 {[%emt 0:11:36]} 18. b4 {[%emt 0:07:39]} Rd5 {[%emt 0:07:32]} 19. Bc4 {[%emt 0:03:00]} Rh5 {[%emt 0:01:45]} 20. Qe2 {[%emt 0:11:51]} Nd5 {[%emt 0:10:59]} 0-1

[Event "1st Gujarat GM Open 2018"]
[Site "Ahmedabad"]
[Date "2018.10.08"]
[Round "5"]
[White "Kumar, Gaurav"]
[Black "Kasparov, Sergey"]
[Result "1/2-1/2"]
[WhiteElo "2236"]
[BlackElo "2453"]
[Annotator "TA"]
[PlyCount "91"]
[EventDate "2018.10.05"]
[EventType "swiss"]
[EventCountry "IND"]
[SourceTitle "playchess.com"]
[Source "ChessBase"]
[SourceQuality "1"]

{[%evp 17,91,19,14,-10,8,3,7,-3,0,0,0,0,0,0,0,0,0,0,0,0,0,-1304,533,0,0,-66,-83,-77,-10,-21,-21,-22,0,-29,0,-122,0,0,115,50,122,122,118,-54,-62,-125,-110,-330,-339,-375,-381,-382,-360,-372,-14,-28,-19,-34,0,0,0,0,0,0,0,0,0,0,0,0,0,0,0,0,0,0]} 1. e4 d6 2. d4 Nf6 3. Nc3 e5 4. Nge2 c6 5. h3 (5. g3 b5 6. Bg2 Bb7 7. O-O Nbd7 8. h3 h5 9. a3 Be7 10. Be3 a5 11. d5 b4 12. dxc6 Bxc6 13. Nd5 Nxd5 14. exd5 {1-0 (43) Carlsen,M (2837)-Bologan,V (2732) Astana 2012}) 5... b5 6. a3 {B07: Pirc-Ufimzew-Verteidigung} Be7 7. g3 Nbd7 8. Bg2 Bb7 9. O-O a5 {LiveBook: 7 Partien} 10. b3 O-O 11. g4 $146 ({Vorgänger:} 11. Bb2 b4 12. Na4 c5 13. d5 c4 14. axb4 axb4 15. c3 {½-½ (15) Jovanovic,Z (2389)-Biti,O (2308) Medulin 2002}) 11... b4 12. Na4 exd4 13. Nxd4 c5 14. Nf5 Nxe4 15. Bb2 {Droht De1 und aus.} Bf6 $36 {[%mdl 2048] Weiss steht unter Druck.} 16. Nxd6 Nxd6 17. Qxd6 Bxb2 18. Nxb2 Ra6 19. Na4 $2 {[%mdl 8192]} (19. Qd3 $11 Bxg2 20. Kxg2 Qa8+ 21. Qf3) 19... Ra8 $4 {[%mdl 8192]} (19... Rxd6 $19 {und alles wird gut.} 20. Bxb7 bxa3) 20. Nb2 $2 (20. Bxb7 $18 Rb8 21. Rfd1 Rxb7 22. Nxc5) 20... Ra6 $11 21. Qg3 (21. Na4 $11) 21... Bxg2 $15 22. Qxg2 h5 (22... Ne5 $17) 23. Nc4 hxg4 24. hxg4 Rg6 25. Rad1 bxa3 (25... Qh4 $5 {[%cal Rg6g4]} 26. f3 Nb6 27. Nxb6 Rxb6 $11) 26. Ne3 (26. f4 $1 $11 Qh4 27. g5) 26... Qc7 (26... Re8 $17 {Droht stark ...Dc8.} 27. Nf5 a2) 27. Nd5 $1 $11 {[%cal Rd5c7]} Qd6 {[#]} (27... Qd8 $1 $11 {bleibt in der Remisbreite.}) 28. g5 $1 $16 a2 {[#]} (28... Rd8 $14) 29. Nf6+ $1 {[%mdl 512]} Rxf6 (29... Nxf6 30. Rxd6) 30. gxf6 $2 (30. Rxd6 $16 Rxd6 31. Ra1) 30... Qxf6 $15 31. Ra1 {[#]} (31. Rxd7 $15 a1=Q 32. Rxa1 Qxa1+ 33. Qf1) 31... Qb2 $1 $17 32. f4 $2 (32. Rfe1 $17) 32... Re8 $19 33. Qd2 Nf6 34. Rfe1 Rxe1+ 35. Qxe1 {[%mdl 4096] Endspiel KDT-KDS} Qd4+ $2 (35... Ng4 $19 36. Qe8+ Kh7) 36. Kg2 $11 Qxf4 {Mit der Idee ...Sg4.} 37. Rxa2 Ne4 38. Rxa5 {Die Stellung ist ausgeglichen.} g5 39. Ra4 f5 40. Ra8+ Kf7 41. Ra7+ Ke6 42. Ra6+ Kd7 43. Qe2 Qg3+ 44. Kf1 {Db5+ ist eine echte Drohung.} Qf4+ 45. Kg2 {jetzt Db5+ und aus.} Qg3+ 46. Kf1 {Precision: Weiß = 45%, Schwarz = 38%.} 1/2-1/2

[Event "1st Gujarat GM Open 2018"]
[Site "Ahmedabad"]
[Date "2018.10.08"]
[Round "5"]
[White "Swati Ghate"]
[Black "Anusha N L V"]
[Result "0-1"]
[WhiteElo "2215"]
[BlackElo "1985"]
[Annotator "TA"]
[PlyCount "84"]
[EventDate "2018.10.05"]
[EventType "swiss"]
[EventCountry "IND"]
[SourceTitle "playchess.com"]
[Source "ChessBase"]
[SourceQuality "1"]

{[%evp 17,84,44,51,43,61,27,27,21,41,39,48,27,47,-16,-14,-22,-12,-16,-9,-16,-16,-21,-23,-103,-114,-107,-111,-95,-103,-127,-135,-139,-127,-130,-100,-135,-135,-135,-135,-135,-135,-128,-151,-270,-268,-325,-330,-374,-372,-456,-263,-276,-214,-255,-251,-258,-235,-243,-237,-246,-240,-257,-260,-266,-262,-312,-259,-340,-293]} 1. e4 c6 2. Nc3 d5 3. Nf3 dxe4 4. Nxe4 Nf6 5. Qe2 Nxe4 6. Qxe4 Qd5 {B11: Caro-Kann: Two Knights Variation} 7. Qh4 Bf5 8. Bc4 Qd6 9. d3 e6 {LiveBook: 3 Games} 10. Bf4 Qb4+ 11. Bd2 Qd6 $146 ({Predecessor:} 11... Qxb2 12. O-O b5 13. Rab1 Qa3 14. Nd4 {1-0 (40) Lu,S (2620)-Fang,Y (2447) Xinghua 2017}) 12. Bc3 (12. O-O-O {with more complications.} Nd7 13. Bf4 Qc5 14. Qg3 a5 15. a4) 12... Be7 13. Qg3 Qxg3 14. hxg3 O-O 15. O-O-O ({Better is} 15. g4 $14 Bxg4 16. Ne5) 15... b5 $11 16. Bb3 Bg4 17. Rde1 {And now Ne5 would win.} Bxf3 18. gxf3 a5 19. a4 Nd7 20. Rxe6 (20. f4 $11 {keeps the balance.}) 20... fxe6 $17 21. Bxe6+ {[#]} Rf7 $1 22. axb5 (22. Bxf7+ Kxf7) 22... cxb5 {[%cal Bc6b5,Bb5b4][%mdl 32]} 23. Rh5 b4 24. Bd4 Bf6 25. Be3 Kf8 26. Bd5 Rc8 {aiming for ...g6.} 27. Bxf7 Kxf7 28. Rxa5 {[#]} Ne5 $1 29. Ra7+ Kg6 30. Kb1 (30. Kd1 $17) 30... Nxf3 $19 31. Rb7 Ne1 32. Rxb4 Nxc2 33. Rb5 Nd4 (33... Nxe3 $142 34. fxe3 Re8) 34. Rb6 {Threatens to win with Bxd4.} Nf5 35. Bf4 Ne7 36. Rb5 Kf7 37. Be5 Ke6 38. Bxf6 Kxf6 39. Rb6+ Rc6 {Black has a decisive advantage.} 40. Rb5 g5 41. d4 Rd6 42. Rb4 Nf5 {Precision: White = 40%, Black = 71%.} 0-1

[Event "1st Gujarat GM Open 2018"]
[Site "Ahmedabad"]
[Date "2018.10.08"]
[Round "5"]
[White "Nandhidhaa, P V"]
[Black "Neverov, Valeriy"]
[Result "0-1"]
[WhiteElo "2212"]
[BlackElo "2488"]
[Annotator "TA"]
[PlyCount "88"]
[EventDate "2018.10.05"]
[EventType "swiss"]
[EventCountry "IND"]
[SourceTitle "playchess.com"]
[Source "ChessBase"]
[SourceQuality "1"]

{[%evp 21,88,-63,-43,-50,-47,-53,-50,-73,36,-43,0,-82,-46,-57,-41,-58,-47,-64,-59,-62,-52,-57,-67,-62,-54,-173,-166,-214,16,-63,-57,-34,-41,-562,-612,-1139,-1145,-1107,-1112,-1090,-1083,-960,-670,-778,-1155,-1080,-779,-775,-762,-1234,-1210,-1224,-1200,-1197,-1216,-1232,-1187,-1223,-1222,-1610,-1656,-1618,-1556,-1558,-1468,-1802,-1802,-29968,-29969]} 1. Nf3 c5 2. g3 Nc6 3. Bg2 e5 4. d3 g6 5. O-O Bg7 6. e4 Nge7 7. Nbd2 d6 8. a4 O-O 9. Nc4 h6 10. c3 Be6 11. Qe2 f5 {LiveBook: 3 Partien. A04: Holländisches System ohne Übergang in andere Systeme} (11... Qc7 12. Re1 Rfe8 13. Nfd2 Rad8 14. Ne3 d5 15. exd5 Nxd5 16. Ne4 Nce7 17. Nc4 f5 18. Ned2 Nc6 19. Nf3 {0-1 (62) Makhnyov,D (2379)-Jumabayev,R (2614) Almaty 2017}) 12. exf5 Nxf5 13. Ne3 $146 ({Vorgänger:} 13. h4 Qc7 14. h5 g5 15. Bh3 Rae8 16. Ne1 Kh8 17. Kh2 Qd7 18. Bg2 d5 19. Ne3 {0-1 (30) Kilgus,G (2218)-Almasi,I (2435) Aschach 1999}) 13... Nfe7 {Schwarz steht etwas besser.} 14. Bd2 Nf5 (14... d5 $17) 15. Bc1 (15. Nxf5 $14 gxf5 16. b4) 15... Nfe7 16. Bd2 Qd7 17. b4 cxb4 18. cxb4 Rae8 (18... d5 $5 {[%cal Re5e4]} 19. b5 e4 20. dxe4 dxe4 21. bxc6 exf3 22. Bxf3 Nxc6 23. Bxc6 Qxc6 $15) 19. b5 Nd4 20. Nxd4 exd4 21. Nc4 Bg4 22. Qe1 Nf5 {[%cal Be7f5,Bf5e3,Be3g2,Bg2f4,Bf4h3][%mdl 32]} 23. Qb1 (23. Qc1 $1 $15) 23... d5 $36 {[%mdl 2048] Weiss muss aufpassen.} 24. Na5 {[#]} Re2 $2 (24... Ne3 $1 $19 {[%cal Re3g2][%mdl 512]} 25. fxe3 Rxf1+ 26. Qxf1 dxe3) 25. Bb4 (25. Qa2 $1 $11) 25... Ne3 $1 $15 26. Bxf8 Nxg2 27. Bxg7 $4 {[%mdl 8192] [#]} (27. Kxg2 Bh3+ 28. Kg1 Qg4 $19) (27. f3 $1 $15 Bxf8 28. fxg4) 27... Nf4 $1 $19 {[%cal Rf4h3]} 28. Qb4 {Weiss will mit Df8+ Matt setzen.} Nh3+ 29. Kg2 Qxg7 30. Qd6 Qf7 {[%csl Gg4][%cal Rf7f3]} 31. Qb8+ Re8 32. Qxe8+ Qxe8 33. Rae1 Qd7 {( -> ...Sf4+!)} 34. f3 Bf5 35. g4 Nf4+ 36. Kh1 Bxd3 37. Rf2 Qc7 38. Nb3 Qc3 39. Nd2 g5 {[%cal Bg6g5,Bg5h4][%mdl 32]} 40. h4 gxh4 41. Kh2 Kf7 42. Kh1 Kf6 43. Kh2 Bg6 44. Rg1 Qe3 {Precision: Weiß = 36%, Schwarz = 54%.} 0-1

[Event "1st Gujarat GM Open 2018"]
[Site "Ahmedabad"]
[Date "2018.10.08"]
[Round "5"]
[White "Surendran N"]
[Black "Neelotpal, Das"]
[Result "1/2-1/2"]
[WhiteElo "2210"]
[BlackElo "2436"]
[Annotator "TA"]
[PlyCount "72"]
[EventDate "2018.10.05"]
[EventType "swiss"]
[EventCountry "IND"]
[SourceTitle "playchess.com"]
[Source "ChessBase"]
[SourceQuality "1"]

{[%evp 12,72,35,2,4,9,27,11,12,5,12,-8,-2,-12,-8,-55,-64,-58,-46,-83,-17,-20,-17,-22,-15,-18,-19,-65,-45,-156,-153,-145,-157,-293,-167,-175,-187,-187,-148,-147,-52,-23,0,-150,-145,-139,-31,-250,0,0,0,0,0,0,0,0,0,0,0,0,0,0,0]} 1. d4 Nf6 2. Nf3 e6 3. c4 d5 4. Nc3 a6 5. cxd5 exd5 6. Bg5 {D37: Queen's Gambit Declined: 5 Bf4} Be6 7. Qb3 {LiveBook: 3 Games} (7. e3 Nbd7 8. Bd3 h6 9. Bf4 g5 10. Bg3 Nh5 11. Be5 Nhf6 12. Bg3 Nh5 13. Qb3 Nxg3 14. hxg3 {½-½ (48) Karjakin,S (2773)-Caruana,F (2822) Saint Louis 2018}) 7... Nbd7 8. e3 Rb8 9. Be2 $146 ({Predecessor:} 9. Qc2 Bd6 10. Bd3 c6 11. Bf4 Qc7 12. Bxd6 Qxd6 13. O-O h6 {0-1 (67) Mirzoev,A (2510)-Rakhmanov,A (2629) Linares 2018}) 9... Bd6 10. O-O O-O 11. Rac1 Re8 12. Rfd1 c6 13. h3 h6 14. Bxf6 Qxf6 15. Na4 g5 (15... b5 $17 16. Nc3 Nb6) 16. Nc5 $11 Nxc5 17. dxc5 Bc7 18. Qc3 Qg6 19. Bd3 Qh5 {Threatens to win with ...Bxh3!} 20. Be2 {[#]} ({White should try} 20. Qf6 $15) 20... Bxh3 $1 $17 {[%mdl 512]} 21. gxh3 Qxh3 $40 {[%mdl 128] Black attacks with force.} 22. Qc2 (22. Qe1 $17 {was the only defense.} Re4 23. Rd4 Rxd4 24. exd4) 22... Re4 (22... Re6 $142 {Hoping for ...Rf6.} 23. Rd2 Rf6) 23. Rd4 $19 Rbe8 (23... g4 24. Rxe4 gxf3 25. Bxf3 $17) 24. Qd1 Rxd4 25. exd4 Qg4+ (25... Re4 $1 $17 {[%cal Re4g4]} 26. Ne5 Rh4) 26. Kf1 $15 {Threatening Ng1.} Qh3+ (26... Re4 $11 27. Ng1 Qh4) 27. Kg1 $17 {[#]} Re4 $1 {[%cal Re4g4]} 28. Ne5 Qh4 ({Of course not} 28... Bxe5 $6 29. dxe5 Qf5 30. Rc3 $11) (28... Rh4 $17 {[%csl Gh4][%cal Rh3h1]} 29. Bf3 f6) 29. Ng4 $2 {[#]} ({White should play} 29. Qd3 $1 $15) 29... f5 $2 (29... h5 $1 $19 {[%cal Rh5g4]} 30. Nf6+ Kf8) 30. Bf3 $1 $11 {[%cal Rf3e4] The position is equal.} Rxg4+ 31. Bxg4 Qh2+ ({Don't go for} 31... Qxg4+ $2 32. Qxg4 fxg4 33. Rc3 $18) 32. Kf1 Qh1+ 33. Ke2 Qe4+ 34. Kf1 Qh1+ 35. Ke2 Qe4+ 36. Kf1 Qh1+ {Precision: White = 27%, Black = 50%.} 1/2-1/2

[Event "1st Gujarat GM Open 2018"]
[Site "Ahmedabad"]
[Date "2018.10.08"]
[Round "5"]
[White "Franco Valencia, Angela"]
[Black "Akash G"]
[Result "0-1"]
[WhiteElo "2188"]
[BlackElo "2424"]
[Annotator "TA"]
[PlyCount "76"]
[EventDate "2018.10.05"]
[EventType "swiss"]
[EventCountry "IND"]
[SourceTitle "playchess.com"]
[Source "ChessBase"]
[SourceQuality "1"]

{[%evp 14,76,20,18,9,0,12,14,15,19,19,12,21,12,16,4,11,10,20,0,0,0,9,10,15,0,17,15,16,-22,12,0,4,-11,12,0,16,7,0,-489,13,0,0,0,22,20,39,29,33,-59,-59,-97,-89,-120,-112,-520,-518,-520,-516,-723,-722,-694,-631,-689,-674]} 1. e4 c5 2. Nf3 d6 3. d4 cxd4 4. Nxd4 Nf6 5. Nc3 Nc6 6. g3 g6 7. Nde2 Bg7 8. Bg2 Rb8 {B70: Sicilian Dragon: 6 g3 and 6 Be2 (without a later Be3)} 9. a4 (9. O-O b5 10. Nd5 O-O 11. Bg5 Nd7 12. c3 h6 13. Be3 e6 14. Nb4 Nxb4 15. cxb4 Nb6 16. Bd4 e5 17. Bxb6 Qxb6 18. Nc3 Be6 19. a3 {½-½ (19) L'Ami,E (2636)-Tiviakov,S (2583) Amsterdam 2018}) 9... a6 10. O-O b5 {The position is equal.} 11. axb5 axb5 12. Nd5 Nd7 13. c3 e6 14. Nb4 Nxb4 15. cxb4 Ne5 16. Nc3 $146 ({Predecessor:} 16. Nd4) 16... O-O 17. Qe2 Bd7 18. Rd1 Qc7 19. Bf4 Bc6 20. b3 Rfd8 21. Rf1 Rf8 22. Rfd1 Rfd8 23. Rf1 Rf8 24. Rfd1 Rfd8 25. Ra5 Be8 26. Rf1 $2 {[%mdl 8192] [#]} (26. Nxb5 $11 {and White stays safe.} Rxb5 27. Rxb5 Bxb5 28. Qxb5) 26... Bc6 $2 (26... Qxc3 $19 27. Rb1 Nd3) 27. Rd1 Be8 28. Nxb5 Qb6 {[%cal Re8b5]} 29. Bf1 Bf8 30. Rda1 Nc6 31. Be3 (31. Ra6 $14 Qb7 32. h4) 31... Qb7 $15 32. R5a4 Ne5 {[%cal Re8b5]} 33. Ra5 Qxe4 {[#] Threatens to win with ...Rxb5.} 34. f4 $2 {[%mdl 8192]} (34. Ba7 $17 Nf3+ 35. Kh1 Qxe2 36. Bxe2) 34... Bxb5 $19 {Black is clearly winning.} 35. Rxb5 Rxb5 36. Kf2 Rxb4 37. fxe5 Qxe5 38. Ra7 Rxb3 {Precision: White = 31%, Black = 56%.} 0-1

[Event "1st Gujarat GM Open 2018"]
[Site "Ahmedabad"]
[Date "2018.10.08"]
[Round "5"]
[White "Srihari L R"]
[Black "Amonatov, Farrukh"]
[Result "0-1"]
[WhiteElo "2170"]
[BlackElo "2615"]
[Annotator "TA"]
[PlyCount "96"]
[EventDate "2018.10.05"]
[EventType "swiss"]
[EventCountry "IND"]
[SourceTitle "playchess.com"]
[Source "ChessBase"]
[SourceQuality "1"]

{[%evp 11,96,-22,-2,-10,-5,-6,-2,0,0,0,0,0,0,0,0,0,0,0,13,0,1,7,8,0,0,6,7,-18,0,-30,0,-39,8,-29,0,-43,0,-2,-23,-64,-67,-152,-172,-259,-263,-260,-270,-265,-259,-257,-251,-253,-171,-172,-176,-169,-174,-208,-200,-185,-139,-154,-156,-174,-162,-160,-162,-156,-154,-178,-176,-183,-181,-137,-59,-342,-341,-317,-117,-300,-203,-29985,-29986,-29994,-1283,-29997,-29998]} 1. d4 Nf6 2. Bg5 d5 3. Bxf6 exf6 4. e3 Bd6 5. g3 c6 (5... O-O 6. Bg2 c6 7. Nd2 Be6 8. Ne2 Nd7 9. O-O f5 10. Rc1 Nf6 11. c4 dxc4 12. Nxc4 Bd5 13. Bxd5 Nxd5 {½-½ (22) Safarli,E (2657)-Iturrizaga Bonelli,E (2641) Berlin 2015}) 6. Bg2 {D00: 1 d4 d5: Unusual lines} f5 {LiveBook: 30 Games} 7. Nd2 Be6 $146 ({Predecessor:} 7... Nd7 8. Ne2 Nf6 9. O-O h5 10. h4 O-O 11. c4 dxc4 12. Nxc4 Bc7 {1-0 (43) Corke,A (2255)-Pertlova,S (2217) Gaziantep 2008}) 8. Ne2 {The position is equal.} Nd7 9. O-O Nf6 10. c4 h5 11. h4 dxc4 12. Qc2 Bc7 13. Nxc4 O-O 14. Ne5 {[%cal Bc4e5,Be5d3,Bd3c5][%mdl 32]} Qe7 15. Nd3 g6 16. Nef4 Bd6 (16... Rfe8 {with more complications.} 17. a3 Bd6 18. Rfe1 a6 19. Nc5 Bc8) 17. a3 a5 18. Nxe6 Qxe6 19. b4 Qe7 20. Nc5 Rfc8 21. Rfc1 Rf8 22. Rf1 Rfc8 23. Rfc1 Ra7 24. Qb2 Rca8 25. b5 cxb5 $1 26. Qxb5 ({Better is} 26. Bf3 $15) 26... Bxg3 $1 $17 27. fxg3 (27. Rc3 $142 Bxh4 28. Rac1) 27... Qxe3+ $19 28. Kh1 ({Of course not} 28. Kh2 Ng4+ 29. Kh3 f4 $19) 28... Qxg3 {aiming for ...Ng4.} 29. Qd3 Qxh4+ 30. Qh3 Qxd4 {...Ng4 is the strong threat.} 31. Nb3 Qf4 32. Rf1 Qg4 33. Qxg4 Nxg4 34. Rfe1 Rd8 35. Re7 Ra6 36. Nc5 Rad6 37. Nxb7 Rd1+ 38. Re1 Rxe1+ $1 39. Rxe1 Rd3 40. a4 f4 {White must now prevent ...f3.} 41. Rf1 Ne3 42. Ra1 Rd2 (42... g5 $17 {Hoping for ...g4.} 43. Nxa5 g4) 43. Bf3 $2 {[%mdl 8192]} (43. Be4 $1 $15) 43... Rf2 44. Bc6 {[#]} h4 $2 (44... f3 $1 $19 {has better winning chances. Threatens to win with ...Ng4.} 45. Nxa5 Ng4 46. Bxf3 Rxf3) 45. Nxa5 $2 (45. Kg1 $17 {was the only chance.} Rb2 46. Nxa5) 45... h3 {And now ...Nf5 would win.} 46. Nb3 $2 {[#]} (46. Kg1 $19 Ng4 47. Nc4) 46... Nf5 $1 47. Kg1 Rc2 (47... Re2 $142 48. Bg2 Rxg2+ 49. Kf1 Ne3+ 50. Ke1 h2 51. Nd2 h1=Q+ 52. Nf1 Qxf1#) 48. Bb7 Ng3 {Precision: White = 36%, Black = 42%.} 0-1

[Event "1st Gujarat GM Open 2018"]
[Site "Ahmedabad"]
[Date "2018.10.08"]
[Round "5"]
[White "Utsab Chatterjee"]
[Black "Fenil, Shah"]
[Result "1/2-1/2"]
[WhiteElo "2149"]
[BlackElo "2411"]
[Annotator "NA"]
[PlyCount "78"]
[EventDate "2018.10.05"]
[EventType "swiss"]
[EventCountry "IND"]
[SourceTitle "playchess.com"]
[Source "ChessBase"]
[SourceQuality "1"]
[TimeControl "5400+30"]

1. e4 {[%emt 0:00:00]} c5 {[%emt 0:00:00]} 2. Nf3 {[%emt 0:00:15]} e6 {[%emt 0:00:43]} 3. d4 {[%emt 0:00:25]} cxd4 {[%emt 0:00:06]} 4. Nxd4 {[%emt 0:00:19]} Nc6 {[%emt 0:00:04]} 5. Nxc6 {[%emt 0:00:30]} bxc6 {[%emt 0:00:26]} 6. Bd3 {[%emt 0:00:21]} Nf6 {[%emt 0:00:51]} 7. O-O {[%emt 0:00:15]} d6 {[%emt 0:03:40]} 8. Nc3 {[%emt 0:00:22]} Be7 {[%emt 0:00:45]} 9. f4 {[%emt 0:01:56]} O-O {[%emt 0:02:51]} 10. Kh1 {[%emt 0:00:40]} e5 {[%emt 0:03:19]} 11. Qe2 {[%emt 0:01:34] B80: Sicilian Scheveningen: 6 g3 and 6 Be3, including English Attack} (11. Bc4 Rb8 12. b3 Bg4 13. Qd3 d5 14. exd5 e4 15. Qg3 cxd5 16. Bxd5 Nxd5 17. Nxd5 Qxd5 18. Qxg4 Bf6 19. Rb1 {0-1 (47) Karthikeyan,M (2504)-Ivanisevic,I (2638) Dubai 2015}) 11... exf4 {[%emt 0:12:34]} 12. Bxf4 {[%emt 0:05:13]} Ng4 {[%emt 0:03:25]} 13. Bc4 {[%emt 0:03:15] White has an edge.} Bf6 {[%emt 0:02:54]} 14. h3 $146 {[%emt 0:07:25]} ({Predecessor:} 14. Rad1 Ne5 15. Bb3 Bg4 16. Bxe5 Bxe2 17. Bxf6 gxf6 18. Nxe2 Qe7 {½-½ (40) Ackermann,F (2086)-Kaufeld,J (2308) Oberhausen 2007}) 14... Ne5 {[%emt 0:00:33]} 15. Bb3 {[%emt 0:00:10]} a5 {[%emt 0:06:07] And now ...Ba6 would win.} 16. Qd2 {[%emt 0:04:34]} Qe7 {[%emt 0:03:17]} 17. a4 {[%emt 0:01:37]} Ba6 {[%emt 0:05:58]} 18. Rfe1 {[%emt 0:02:13]} Rfd8 {[%emt 0:02:26]} 19. Rad1 {[%emt 0:02:59]} Bh4 {[%emt 0:05:30]} 20. Rg1 {[%emt 0:00:00]} Bc4 {[%emt 0:00:00]} (20... c5 21. Rge1 (21. Nb5 $11) 21... Bc4 (21... Bxe1 $17 22. Qxe1 c4) 22. Rg1 {Precision: White = 32%, Black = 49%.}) (20... h6 $17) 21. Ne2 {[%emt 0:00:00]} Bxb3 {[%emt 0:00:00]} 22. cxb3 {[%emt 0:00:00]} Ng6 {[%emt 0:12:55]} 23. Nd4 {[%emt 0:16:00]} Qxe4 {[%emt 0:01:53]} 24. Bg5 {[%emt 0:00:09]} Re8 {[%emt 0:03:15]} 25. Bxh4 {[%emt 0:02:04]} Nxh4 {[%emt 0:00:01]} 26. Qc3 {[%emt 0:00:32]} Rec8 {[%emt 0:04:52]} 27. Qg3 {[%emt 0:07:40]} Ng6 {[%emt 0:01:16]} 28. Rge1 {[%emt 0:04:13]} Qf4 {[%emt 0:01:25]} 29. Qxf4 {[%emt 0:00:24]} Nxf4 {[%emt 0:00:01]} 30. Nf5 {[%emt 0:00:12]} Rcb8 {[%emt 0:01:55]} 31. Ne7+ {[%emt 0:00:33]} Kf8 {[%emt 0:01:36]} 32. Nxc6 {[%emt 0:00:50]} Rxb3 {[%emt 0:00:58]} 33. Rxd6 {[%emt 0:00:14]} Rxb2 {[%emt 0:02:17]} 34. Rd7 {[%emt 0:02:07]} Ng6 {[%emt 0:08:44]} 35. Kg1 {[%emt 0:05:00]} Rb6 {[%emt 0:05:12]} 36. Rc7 {[%emt 0:00:26]} Kg8 {[%emt 0:02:04]} 37. Rf1 {[%emt 0:01:23]} Rf8 {[%emt 0:01:32]} 38. Nxa5 {[%emt 0:01:14]} Ra6 {[%emt 0:00:53]} 39. Rf5 {[%emt 0:01:02]} f6 {[%emt 0:00:31]} 1/2-1/2